Metody korreljacionnogo i regressionnogo analiza

Saved in:
Bibliographic Details
Main Author: Förster, Erhard
Other Authors: Rönz, Bernd
Format: Book
Language:Russian
Published: Moskva Finansy i statistika 1983
Tags: Add Tag
No Tags, Be the first to tag this record!

MARC

LEADER 00000nam a2200000 4500
001 c115767
005 20240911101220.9
041 0 |a rus 
044 |a RU 
245 1 0 |a Metody korreljacionnogo i regressionnogo analiza  |c Erhard Förster, Bernd Rönz ; [Perevod s nemeckogo V.M. Ivanovoj] 
264 1 |a Moskva  |b Finansy i statistika  |c 1983 
300 |a 298 s. 
100 1 |a Förster, Erhard 
700 1 |a Rönz, Bernd